000 00253nam a2200097Ia 4500
001 904230
005 20250826184927.0
008 250824s9999 xx 000 0 und d
245 0 _aKARIM VE KIZIM
_cRECEP BİLGİNER
260 _bKÜLTÜR BAKANLIĞI YAYINLARI
999 _c904230
_d904230